The noble scholar, jurist, historian


 His Excellency Dr. Abdul Wahhab bin Ibrahim Abu Sulaiman, may Allah have mercy on him.


 He was born in Umm Al-Qura in the year 1356 AH.

إخبار أهل الرسوخ في الفقه والتحديث بمقدار المنسوخ من الحديث / (Record no. 7068)

MARC details
000 -LEADER
fixed length control field 01281cam a2200253 i 4500
003 - CONTROL NUMBER IDENTIFIER
control field SA-RiAUC
005 - DATE AND TIME OF LATEST TRANSACTION
control field 20250415072749.0
008 - FIXED-LENGTH DATA ELEMENTS--GENERAL INFORMATION
fixed length control field 250415q19001999sy g 00000 ara c
040 ## - CATALOGING SOURCE
Original cataloging agency SA-JeALM
Language of cataloging ara
Transcribing agency SA-RiAUC
Description conventions rda
082 04 - DEWEY DECIMAL CLASSIFICATION NUMBER
Classification number 231.4
090 ## - LOCALLY ASSIGNED LC-TYPE CALL NUMBER (OCLC); LOCAL CALL NUMBER (RLIN)
Classification number (OCLC) (R) ; Classification number, CALL (RLIN) (NR) 231.4
Local cutter number (OCLC) ; Book number/undivided call number, CALL (RLIN) ا ب ن ج
100 1# - MAIN ENTRY--PERSONAL NAME
Personal name ابن الجوزي، عبد الرحمن بن علي بن محمد،
Dates associated with a name 508-597 هجري
Relator term مؤلف.
245 10 - TITLE STATEMENT
Title إخبار أهل الرسوخ في الفقه والتحديث بمقدار المنسوخ من الحديث /
Statement of responsibility, etc. تأليف أبي الفرج عبد الرحمن بن علي بن محمد بن الجوزي ؛ تحقيق محمد صبحي حسن حلاق.
264 #1 - PRODUCTION, PUBLICATION, DISTRIBUTION, MANUFACTURE, AND COPYRIGHT NOTICE
Place of production, publication, distribution, manufacture بيروت :
Name of producer, publisher, distributor, manufacturer دار ابن حزم،
Date of production, publication, distribution, manufacture, or copyright notice 1993
300 ## - PHYSICAL DESCRIPTION
Extent 159 صفحة ؛
Dimensions 24 سم
336 ## - CONTENT TYPE
Content type term نص
Content type code txt
Source rdacontent
Materials specified كتاب
337 ## - MEDIA TYPE
Media type term بدون وسيط
Media type code n
Source rdamedia
338 ## - CARRIER TYPE
Carrier type term مجلد
Carrier type code nc
Source rdacarrier
500 ## - GENERAL NOTE
General note طبعة تمتاز بمقابلتها على أربع نسخ خطية مع دراسة مستفيضة عن الصناعة الحديثية عند ابن الجوزي.
650 #7 - SUBJECT ADDED ENTRY--TOPICAL TERM
Topical term or geographic name entry element الحديث
General subdivision الناسخ والمنسوخ
Source of heading or term aucsh
700 1# - ADDED ENTRY--PERSONAL NAME
Personal name حلاق, محمد صبحي حسن.
Relator term محقق.
942 ## - ADDED ENTRY ELEMENTS (KOHA)
Source of classification or shelving scheme Dewey Decimal Classification
Koha item type Books
Suppress in OPAC No
949 ## - LOCAL PROCESSING INFORMATION (OCLC)
a SA-JeALM
d 250415
u mohamedma123
n 1
Holdings
Withdrawn status Lost status Source of classification or shelving scheme Damaged status Not for loan Home library Current library Date acquired Total checkouts Full call number Barcode Date last seen Price effective from Koha item type
    Dewey Decimal Classification     DR AbdElwahab Library DR AbdElwahab Library 04/15/2025   231.4 ا ب ن ج 000011733 04/15/2025 04/15/2025 Books
    Dewey Decimal Classification     DR AbdElwahab Library DR AbdElwahab Library 05/03/2025   231.4 ا ب ن ج 000012617 05/03/2025 05/03/2025 Books